[Event "SF Telgte 1 - SK Metelen 1"]
[Site "Verbandsliga 2017/2018"]
[Date "2018.02.10"]
[Round "6.1"]
[White "Bernink, Henk"]
[Black "Hackl-Sommer, René"]
[Result "1-0"]
[WhiteElo "2102"]
[BlackElo "1984"]
[PlyCount "93"]
[EventDate "2018.??.??"]
[SourceTitle "Verband Muensterland"]
[SourceDate "2017.09.16"]
[SourceVersion "1"]
[SourceVersionDate "2017.09.16"]
[SourceQuality "1"]

1. c4 d5 2. cxd5 Nf6 3. g3 Qxd5 4. Nf3 e5 5. Nc3 Qe6 6. Bg2 Bd6 7. d3 O-O 8.
O-O a6 9. a3 Nc6 10. b4 Rb8 11. Bd2 Nd4 12. Ng5 Qe7 13. e3 Ne6 14. f4 exf4 15.
gxf4 c5 16. bxc5 Bxc5 17. Nge4 Nxe4 18. Nxe4 f5 19. Nxc5 Qxc5 20. d4 Qa7 21.
Qb3 Kh8 22. Rac1 b5 23. Rxc8 Rbxc8 24. Qxe6 Rce8 25. Qb3 Rf6 26. Rf3 Qc7 27.
Bb4 Qc1+ 28. Rf1 Qxe3+ 29. Qxe3 Rxe3 30. Rd1 a5 31. Bc5 Rc3 32. Rd2 h6 33. Bf1
b4 34. axb4 axb4 35. Bxb4 Rb3 36. Bc5 Rc3 37. Bb4 Rb3 38. Bc5 Rc3 39. Kf2 Kh7
40. Bg2 g5 41. Ba7 Ra6 42. Bb8 Rb3 43. Be5 Kg6 44. d5 Kf7 45. d6 Ke8 46. d7+
Kd8 47. Bc7+ 1-0

[Event "SF Telgte 1 - SK Metelen 1"]
[Site "Verbandsliga 2017/2018"]
[Date "2018.02.10"]
[Round "6.2"]
[White "Lodde, Martin"]
[Black "Koch, Alexander"]
[Result "1-0"]
[WhiteElo "1962"]
[BlackElo "2013"]
[PlyCount "79"]
[EventDate "2018.??.??"]
[SourceTitle "Verband Muensterland"]
[SourceDate "2017.09.16"]
[SourceVersion "1"]
[SourceVersionDate "2017.09.16"]
[SourceQuality "1"]

1. d4 Nf6 2. Nf3 g6 3. g3 Bg7 4. Bg2 d6 5. O-O O-O 6. Nc3 c6 7. a4 Qc7 8. a5 e5
9. e4 Bg4 10. dxe5 dxe5 11. Be3 Nbd7 12. Qc1 Rfd8 13. h3 Be6 14. Rd1 Nf8 15.
Rxd8 Qxd8 16. Nxe5 Nxe4 17. Nxc6 bxc6 18. Nxe4 Rb8 19. c3 Rb5 20. b4 Qe7 21.
Bc5 Qd7 22. Kh2 Bd5 23. Qe3 Ne6 24. Rd1 Qc7 25. Nd6 Rxc5 26. bxc5 Bxg2 27. Kxg2
Qxa5 28. Qf3 Qc7 29. Ne8 Qe7 30. Nxg7 Kxg7 31. Qxc6 Nxc5 32. Qd5 a5 33. Qd4+ f6
34. Qe3 Qb7+ 35. f3 Na4 36. h4 Nb2 37. Rd8 Nc4 38. Qe8 Qb2+ 39. Kh3 Qa3 40.
Rd7+ 1-0

[Event "SF Telgte 1 - SK Metelen 1"]
[Site "Verbandsliga 2017/2018"]
[Date "2018.02.10"]
[Round "6.3"]
[White "Zachej, Arne"]
[Black "Kuhlenbäumer, Willi"]
[Result "0-1"]
[WhiteElo "1870"]
[BlackElo "1925"]
[PlyCount "77"]
[EventDate "2018.??.??"]
[SourceTitle "Verband Muensterland"]
[SourceDate "2017.09.16"]
[SourceVersion "1"]
[SourceVersionDate "2017.09.16"]
[SourceQuality "1"]

1. d4 Nf6 2. Nf3 g6 3. g3 Bg7 4. Bg2 O-O 5. c4 d6 6. O-O Nc6 7. Nc3 e5 8. d5
Ne7 9. e4 h6 10. Ne1 Ne8 11. Be3 f5 12. Qd2 Kh7 13. f3 g5 14. Bf2 Ng6 15. Nd3
Rf7 16. b4 h5 17. exf5 Bxf5 18. Ne4 Bxe4 19. fxe4 g4 20. Be3 Bf6 21. Rf5 Ng7
22. Rf2 Qe7 23. Raf1 a6 24. Bg5 Bxg5 25. Rxf7 Bxd2 26. Rxe7 Be3+ 27. Kh1 Nxe7
28. c5 Kg6 29. h4 a5 30. b5 Bxc5 31. Nxc5 dxc5 32. a4 b6 33. Kg1 Re8 34. Rf2
Nc8 35. Kf1 Re7 36. Rc2 Nd6 37. Ke2 Rf7 38. Ke3 Nge8 39. Rb2 0-1

[Event "SF Telgte 1 - SK Metelen 1"]
[Site "Verbandsliga 2017/2018"]
[Date "2018.02.10"]
[Round "6.4"]
[White "Junker, Axel"]
[Black "Wigger, Frank"]
[Result "1/2-1/2"]
[WhiteElo "1878"]
[BlackElo "1794"]
[PlyCount "48"]
[EventDate "2018.??.??"]
[SourceTitle "Verband Muensterland"]
[SourceDate "2017.09.16"]
[SourceVersion "1"]
[SourceVersionDate "2017.09.16"]
[SourceQuality "1"]

1. c4 b6 2. Nc3 Bb7 3. e4 e5 4. Nf3 Nc6 5. a3 Nf6 6. d3 Be7 7. b4 d6 8. Be2 O-O
9. O-O a5 10. b5 Nb8 11. Ne1 Nbd7 12. f4 exf4 13. Bxf4 Nc5 14. Ra2 Nfd7 15. Be3
Bg5 16. Nc2 f5 17. exf5 Bxe3+ 18. Nxe3 Qg5 19. Ned5 Rae8 20. Qd2 Rxf5 21. Rxf5
Qxf5 22. Qf4 Qxf4 23. Nxf4 Nf6 24. g3 Nb3 1/2-1/2

[Event "SF Telgte 1 - SK Metelen 1"]
[Site "Verbandsliga 2017/2018"]
[Date "2018.02.10"]
[Round "6.5"]
[White "Denkler, Jürgen"]
[Black "Kuhlenbäumer, Alfred"]
[Result "1/2-1/2"]
[WhiteElo "1696"]
[BlackElo "1879"]
[PlyCount "76"]
[EventDate "2018.??.??"]
[SourceTitle "Verband Muensterland"]
[SourceDate "2017.09.16"]
[SourceVersion "1"]
[SourceVersionDate "2017.09.16"]
[SourceQuality "1"]

1. d4 c6 2. c4 d5 3. Nf3 Bf5 4. Nc3 e6 5. Bf4 Nf6 6. e3 Be7 7. Qb3 Qb6 8. Qxb6
axb6 9. a3 Nbd7 10. Be2 h6 11. h3 Ne4 12. Nxe4 Bxe4 13. O-O g5 14. Bh2 h5 15.
Nd2 Bf5 16. g4 hxg4 17. hxg4 Bg6 18. cxd5 exd5 19. Kg2 Bf6 20. Rac1 Ke7 21. Bg3
Rhc8 22. Nb3 c5 23. Rfd1 c4 24. Na1 c3 25. bxc3 Rxa3 26. Bd3 Raxc3 27. Rxc3
Rxc3 28. Bxg6 fxg6 29. Rb1 Ke6 30. Rb2 Be7 31. Nc2 Rc4 32. f3 Bf8 33. Be1 Bd6
34. Kf2 Be7 35. Ke2 Bd6 36. Kd3 Ra4 37. Bd2 Be7 38. Rb5 Bd6 1/2-1/2

[Event "SF Telgte 1 - SK Metelen 1"]
[Site "Verbandsliga 2017/2018"]
[Date "2018.02.10"]
[Round "6.6"]
[White "Esser, Peter"]
[Black "Gravenkötter, Christian"]
[Result "1/2-1/2"]
[WhiteElo "1749"]
[BlackElo "1711"]
[PlyCount "81"]
[EventDate "2018.??.??"]
[SourceTitle "Verband Muensterland"]
[SourceDate "2017.09.16"]
[SourceVersion "1"]
[SourceVersionDate "2017.09.16"]
[SourceQuality "1"]

1. e4 e5 2. Nf3 Nc6 3. Bb5 Bc5 4. c3 Nge7 5. O-O a6 6. Ba4 b5 7. Bc2 O-O 8. d4
exd4 9. cxd4 Bb6 10. a3 h6 11. d5 Nb8 12. Nc3 d6 13. Qd3 Ng6 14. Be3 Bxe3 15.
Qxe3 Qf6 16. Qd4 Nd7 17. Rae1 Re8 18. Qxf6 Nxf6 19. Nd4 Nf4 20. f3 g5 21. g3
Ng6 22. Kg2 Bd7 23. h3 Rac8 24. Rd1 h5 25. Nce2 h4 26. g4 c5 27. dxc6 Bxc6 28.
Rf2 d5 29. Nxc6 Rxc6 30. Nd4 Nf4+ 31. Kh2 Rc7 32. exd5 N6xd5 33. Be4 Nf6 34.
Bb1 Rd8 35. Bf5 N6d5 36. Rdd2 Ne3 37. Nb3 Rxd2 38. Nxd2 Nxf5 39. gxf5 Rc5 40.
f6 Rf5 41. Ne4 1/2-1/2

[Event "SF Telgte 1 - SK Metelen 1"]
[Site "Verbandsliga 2017/2018"]
[Date "2018.02.10"]
[Round "6.7"]
[White "Blanke, Martin"]
[Black "Dieckmann, Werner"]
[Result "0-1"]
[WhiteElo "1651"]
[BlackElo "1807"]
[PlyCount "68"]
[EventDate "2018.??.??"]
[SourceTitle "Verband Muensterland"]
[SourceDate "2017.09.16"]
[SourceVersion "1"]
[SourceVersionDate "2017.09.16"]
[SourceQuality "1"]

1. e4 e6 2. d3 d5 3. Bd2 Nf6 4. e5 Nfd7 5. Nf3 c5 6. c3 Nc6 7. Qa4 Qc7 8. d4
Be7 9. Na3 a6 10. Rc1 Qb8 11. Qc2 b5 12. Be2 Bb7 13. Nb1 Qd8 14. O-O O-O 15.
Be3 Rc8 16. Qd2 Qa5 17. a3 cxd4 18. Bxd4 Qd8 19. h3 Nc5 20. Bxc5 Bxc5 21. Qf4
Be7 22. Rcd1 h6 23. Nbd2 Qc7 24. Qg3 Rfd8 25. Nb3 Bf8 26. Nbd4 Na5 27. Bd3 Nc4
28. Nxe6 fxe6 29. Qg6 Nxb2 30. Qxe6+ Kh8 31. Bf5 Qc6 32. Qf7 Rc7 33. Qh5 Nxd1
34. Ng5 d4 0-1

[Event "SF Telgte 1 - SK Metelen 1"]
[Site "Verbandsliga 2017/2018"]
[Date "2018.02.10"]
[Round "6.8"]
[White "Schenke, Conrad"]
[Black "Knocks, Elmar"]
[Result "1/2-1/2"]
[WhiteElo "1696"]
[BlackElo "1658"]
[PlyCount "88"]
[EventDate "2018.??.??"]
[SourceTitle "Verband Muensterland"]
[SourceDate "2017.09.16"]
[SourceVersion "1"]
[SourceVersionDate "2017.09.16"]
[SourceQuality "1"]

1. d4 Nf6 2. Nf3 d5 3. Nc3 e6 4. Bg5 Be7 5. e3 h6 6. Bh4 O-O 7. Be2 Nbd7 8. O-O
b6 9. Bb5 Bb7 10. Bxd7 Nxd7 11. Bg3 Ba6 12. Re1 Bd6 13. Bxd6 cxd6 14. Rc1 Nf6
15. Ne2 Rc8 16. c3 Qd7 17. Nd2 Ne4 18. f3 Nf6 19. Ng3 Rc7 20. e4 dxe4 21. fxe4
e5 22. Nf3 Qb5 23. b3 Rfc8 24. c4 Qa5 25. Nf5 exd4 26. Qxd4 Qc5 27. Nxd6 Qxd4+
28. Nxd4 Rd8 29. N4b5 Bxb5 30. Nxb5 Re7 31. Nc3 Rde8 32. Nd5 Nxd5 33. cxd5 Rxe4
34. Rxe4 Rxe4 35. Rc8+ Kh7 36. Rc7 a5 37. Rxf7 Rd4 38. Rb7 Rxd5 39. Rxb6 Rd1+
40. Kf2 Rd2+ 41. Kg3 Rxa2 42. h4 Ra3 43. Kg4 a4 44. bxa4 Rxa4+ 1/2-1/2

[Event "TV Borken 1 - SF Olfen 1"]
[Site "Verbandsliga 2017/2018"]
[Date "2018.02.10"]
[Round "6.1"]
[White "Koke, Christoph"]
[Black "Schulze-Schwering, Philipp"]
[Result "1-0"]
[WhiteElo "2075"]
[BlackElo "2077"]
[PlyCount "79"]
[EventDate "2018.??.??"]
[SourceTitle "Verband Muensterland"]
[SourceDate "2017.09.16"]
[SourceVersion "1"]
[SourceVersionDate "2017.09.16"]
[SourceQuality "1"]

1. d4 Nf6 2. Nf3 e6 3. Bf4 d5 4. e3 c5 5. c3 Qb6 6. Qc1 Nc6 7. h3 Bd7 8. Nbd2
Rc8 9. Be2 Be7 10. O-O O-O 11. Qb1 cxd4 12. exd4 Na5 13. a4 Bd6 14. Ne5 Qc7 15.
Re1 Nc6 16. Bd1 Be8 17. Qd3 Nd7 18. Bc2 f5 19. Nxc6 bxc6 20. Bxd6 Qxd6 21. b4
Nf6 22. Nb3 Ne4 23. Nc5 Bd7 24. f3 Nxc5 25. dxc5 Qg3 26. Qd4 Rf6 27. Qe5 Qxe5
28. Rxe5 Rff8 29. Kf2 Kf7 30. Ke3 Kf6 31. Kd4 g5 32. Bd3 Rb8 33. Rb1 Rfc8 34.
Rbe1 Re8 35. Rb1 Rec8 36. Ba6 Rc7 37. Rbe1 Kf7 38. g4 fxg4 39. fxg4 Kg6 40.
Bd3+ 1-0

[Event "TV Borken 1 - SF Olfen 1"]
[Site "Verbandsliga 2017/2018"]
[Date "2018.02.10"]
[Round "6.2"]
[White "Beckmann, David"]
[Black "Bösel, Alexander"]
[Result "1-0"]
[WhiteElo "2009"]
[BlackElo "2000"]
[PlyCount "81"]
[EventDate "2018.??.??"]
[SourceTitle "Verband Muensterland"]
[SourceDate "2017.09.16"]
[SourceVersion "1"]
[SourceVersionDate "2017.09.16"]
[SourceQuality "1"]

1. d4 Nf6 2. Nf3 g6 3. g3 Bg7 4. Bg2 O-O 5. O-O d6 6. c4 Nc6 7. Nc3 a6 8. a3
Rb8 9. e4 Bg4 10. h3 Bxf3 11. Bxf3 e5 12. d5 Nd4 13. Bg2 c5 14. dxc6 bxc6 15.
b4 a5 16. Rb1 axb4 17. axb4 Rb7 18. Be3 Nd7 19. Ne2 c5 20. Bxd4 cxd4 21. Qd3
Qb8 22. Qd2 Rc8 23. Rfc1 Rbc7 24. Qd3 Nb6 25. c5 dxc5 26. bxc5 Rxc5 27. Rxc5
Rxc5 28. Nc1 Qc7 29. Nb3 Rc3 30. Qb5 Nd7 31. Kh2 Bf6 32. Bf1 Kg7 33. Na5 Rc2
34. Kg2 Bg5 35. Bd3 Rc3 36. Bc4 Nc5 37. Qe8 Bd8 38. Rb8 Qxb8 39. Qxf7+ Kh6 40.
Qf8+ Kh5 41. Be2+ 1-0

[Event "TV Borken 1 - SF Olfen 1"]
[Site "Verbandsliga 2017/2018"]
[Date "2018.02.10"]
[Round "6.3"]
[White "Beutelhoff, Josef"]
[Black "Schroer, Klaus"]
[Result "0-1"]
[WhiteElo "1971"]
[BlackElo "1998"]
[PlyCount "83"]
[EventDate "2018.??.??"]
[SourceTitle "Verband Muensterland"]
[SourceDate "2017.09.16"]
[SourceVersion "1"]
[SourceVersionDate "2017.09.16"]
[SourceQuality "1"]

1. d4 Nf6 2. Nf3 e6 3. g3 b6 4. Bg2 Bb7 5. O-O Be7 6. c4 O-O 7. Nc3 Ne4 8. Nxe4
Bxe4 9. Ne1 Bxg2 10. Nxg2 d5 11. cxd5 exd5 12. Bf4 Nd7 13. Qb3 Nf6 14. Rfd1 Qd7
15. Be5 Ne4 16. Bf4 c6 17. f3 Nd6 18. Bxd6 Bxd6 19. e4 dxe4 20. fxe4 c5 21. e5
Bc7 22. dxc5 Qe7 23. cxb6 Bxb6+ 24. Kh1 Qxe5 25. Re1 Qh5 26. Nf4 Qh6 27. Qf3
Bd4 28. Re2 Rab8 29. Nd3 Qa6 30. a3 Rb3 31. Rd1 Qb6 32. Qe4 Bxb2 33. Rf1 Bxa3
34. Qc4 Qb7+ 35. Kg1 Rxd3 36. Qxd3 Bc5+ 37. Rff2 Rb8 38. Rd2 h6 39. h3 Qb1+ 40.
Qxb1 Rxb1+ 41. Kg2 Bxf2 42. Kxf2 0-1

[Event "TV Borken 1 - SF Olfen 1"]
[Site "Verbandsliga 2017/2018"]
[Date "2018.02.10"]
[Round "6.4"]
[White "Vijayakumaran, Vithoosan"]
[Black "Pinno, Gregor"]
[Result "1/2-1/2"]
[WhiteElo "1715"]
[BlackElo "1776"]
[PlyCount "93"]
[EventDate "2018.??.??"]
[SourceTitle "Verband Muensterland"]
[SourceDate "2017.09.16"]
[SourceVersion "1"]
[SourceVersionDate "2017.09.16"]
[SourceQuality "1"]

1. d4 d5 2. c4 Nc6 3. e3 Nf6 4. Nc3 e6 5. Nf3 Be7 6. a3 O-O 7. Bd3 dxc4 8. Bxc4
a6 9. O-O Bd6 10. b4 e5 11. d5 Ne7 12. e4 Ng6 13. Ne1 Qe7 14. Nd3 Bg4 15. f3
Bd7 16. Be3 Nh5 17. Qd2 f5 18. Bg5 Qe8 19. exf5 Bxf5 20. Nc5 h6 21. Be3 Bc8 22.
Ne6 Rf7 23. g3 Nf8 24. Nxf8 Qxf8 25. Qe2 Nf6 26. Ne4 b6 27. Bd3 Bb7 28. Nxf6+
Rxf6 29. Be4 a5 30. Qb2 Qe7 31. Bd2 axb4 32. Bxb4 Bxb4 33. axb4 Rd6 34. Qb3 Kf7
35. Rxa8 Bxa8 36. Ra1 Qd8 37. Qc4 Bxd5 38. Bxd5+ Rxd5 39. Ra7 Kg6 40. Rxc7 Rd1+
41. Kg2 Rd2+ 42. Kh3 Qf6 43. Rc6 Rd6 44. Qe4+ Kf7 45. Rc7+ Kg8 46. Rc8+ Kf7 47.
Rc7+ 1/2-1/2

[Event "TV Borken 1 - SF Olfen 1"]
[Site "Verbandsliga 2017/2018"]
[Date "2018.02.10"]
[Round "6.5"]
[White "Preuß, Richard"]
[Black "Farwick, Christian"]
[Result "1/2-1/2"]
[WhiteElo "1747"]
[BlackElo "1827"]
[PlyCount "57"]
[EventDate "2018.??.??"]
[SourceTitle "Verband Muensterland"]
[SourceDate "2017.09.16"]
[SourceVersion "1"]
[SourceVersionDate "2017.09.16"]
[SourceQuality "1"]

1. e4 c5 2. Nf3 e6 3. d4 cxd4 4. Nxd4 d6 5. Be3 Be7 6. Bb5+ Bd7 7. Bxd7+ Qxd7
8. c4 Nf6 9. Nc3 Nc6 10. O-O O-O 11. f3 Nxd4 12. Bxd4 Rfd8 13. Qe2 Qc6 14. Rfd1
Rd7 15. Rac1 b6 16. Bf2 Rad8 17. b3 Ne8 18. Nb5 Qb7 19. Kf1 Nc7 20. Nc3 Bf6 21.
Bg3 Bxc3 22. Rxc3 e5 23. Rcd3 Ne8 24. Qd2 f6 25. Bf2 Kf7 26. Qb4 Qc6 27. a4 Nc7
28. Ke2 Ne6 29. g3 1/2-1/2

[Event "TV Borken 1 - SF Olfen 1"]
[Site "Verbandsliga 2017/2018"]
[Date "2018.02.10"]
[Round "6.6"]
[White "Rickert, Berthold"]
[Black "Boenigk, Winfried"]
[Result "1/2-1/2"]
[WhiteElo "1727"]
[BlackElo "1743"]
[PlyCount "42"]
[EventDate "2018.??.??"]
[SourceTitle "Verband Muensterland"]
[SourceDate "2017.09.16"]
[SourceVersion "1"]
[SourceVersionDate "2017.09.16"]
[SourceQuality "1"]

1. c4 Nf6 2. Nc3 d6 3. g3 g6 4. Bg2 Bg7 5. d4 O-O 6. Nf3 Nc6 7. O-O e5 8. d5
Ne7 9. e4 Ne8 10. Ne1 f5 11. f4 exf4 12. Rxf4 g5 13. Rf1 Ng6 14. Nd3 h6 15. Be3
Ne5 16. Nxe5 dxe5 17. exf5 Bxf5 18. Be4 Nd6 19. Bxf5 Nxf5 20. Qd3 Qd7 21. Bc5
Nd6 1/2-1/2

[Event "TV Borken 1 - SF Olfen 1"]
[Site "Verbandsliga 2017/2018"]
[Date "2018.02.10"]
[Round "6.7"]
[White "Limberg, Johannes"]
[Black "Bohn, Andreas"]
[Result "0-1"]
[WhiteElo "1609"]
[BlackElo "1829"]
[PlyCount "82"]
[EventDate "2018.??.??"]
[SourceTitle "Verband Muensterland"]
[SourceDate "2017.09.16"]
[SourceVersion "1"]
[SourceVersionDate "2017.09.16"]
[SourceQuality "1"]

1. e4 c5 2. Nf3 d6 3. d4 cxd4 4. Nxd4 Nf6 5. Nc3 a6 6. Bg5 e6 7. Be2 Be7 8. Qd2
O-O 9. O-O-O Qc7 10. h4 Nbd7 11. g4 b5 12. Bxf6 Nxf6 13. g5 b4 14. gxf6 bxc3
15. Qxc3 Qxc3 16. bxc3 Bxf6 17. Nc6 Bxc3 18. Rxd6 Bb7 19. Rh3 Be1 20. f3 Bf2
21. Na5 Be3+ 22. Kd1 Bc8 23. Bd3 Bc5 24. Rc6 Bb4 25. Nc4 Bd7 26. Rc7 Bb5 27.
Nb6 Rad8 28. Ke2 Ba5 29. Bxb5 axb5 30. Rb7 Rd2+ 31. Ke3 Rxc2 32. Nd7 Rd8 33.
Rxb5 Bd2+ 34. Kd3 Rxa2 35. Rb8 Rxb8 36. Nxb8 Bf4 37. Nc6 Kf8 38. Rh1 Rf2 39.
Rd1 Rxf3+ 40. Ke2 Re3+ 41. Kf2 g6 0-1

[Event "TV Borken 1 - SF Olfen 1"]
[Site "Verbandsliga 2017/2018"]
[Date "2018.02.10"]
[Round "6.8"]
[White "Wagner, Nils-Frederic"]
[Black "Limberg, Thomas"]
[Result "1/2-1/2"]
[WhiteElo "1725"]
[BlackElo "1607"]
[PlyCount "82"]
[EventDate "2018.??.??"]
[SourceTitle "Verband Muensterland"]
[SourceDate "2017.09.16"]
[SourceVersion "1"]
[SourceVersionDate "2017.09.16"]
[SourceQuality "1"]

1. c4 Nf6 2. g3 c6 3. Bg2 d5 4. cxd5 cxd5 5. d4 g6 6. Nf3 Bg7 7. O-O O-O 8. Nc3
Ne4 9. Qb3 Nxc3 10. bxc3 Nc6 11. Nd2 e6 12. e3 Na5 13. Qc2 b6 14. Ba3 Re8 15.
Rac1 Ba6 16. Rfe1 Rc8 17. Bf1 Bxf1 18. Kxf1 Qc7 19. Qd3 Nc4 20. Nxc4 Qxc4 21.
Qxc4 Rxc4 22. Bb2 f5 23. Ke2 Kf7 24. Kd3 Bf8 25. h4 Bd6 26. Rh1 Rec8 27. Ra1 b5
28. a3 a5 29. Rhd1 Kg8 30. Rdc1 Kf8 31. Rd1 b4 32. axb4 axb4 33. Rdc1 e5 34.
Kd2 bxc3+ 35. Bxc3 exd4 36. Bxd4 Rxc1 37. Rxc1 Rxc1 38. Kxc1 Ke7 39. Kd2 Ke6
40. Ke2 h5 41. Kf3 Bc7 1/2-1/2